ბათუმის შოთა რუსთაველის სახელმწიფო უნივერსიტეტის ბიბლიოთეკა

Закат Птолемеев / (ბიბ.ჩანაწერი № 60906)

000 -LEADER
fixed length control field 00897nam a22001937a 4500
005 - DATE AND TIME OF LATEST TRANSACTION
control field 20231115162211.0
008 - FIXED-LENGTH DATA ELEMENTS--GENERAL INFORMATION
fixed length control field 231115s1973 ru ||||| |||| 00| 0 rus d
041 ## - LANGUAGE CODE
Language code of text/sound track or separate title rus
080 ## - UNIVERSAL DECIMAL CLASSIFICATION NUMBER
Universal Decimal Classification number 94(37) K-78
100 ## - MAIN ENTRY--PERSONAL NAME
Personal name Кравчук, Александр
9 (RLIN) 20405
245 ## - TITLE STATEMENT
Title Закат Птолемеев /
Statement of responsibility, etc. Александр Кравчук : Пер. с польск. Д. С. Гальпериной; АН СССР, Ин-т востоковедения.
264 ## - PRODUCTION, PUBLICATION, DISTRIBUTION, MANUFACTURE, AND COPYRIGHT NOTICE
Place of production, publication, distribution, manufacture М. :
Name of producer, publisher, distributor, manufacturer Наука, Главная редакция восточной литературы
Date of production, publication, distribution, manufacture, or copyright notice 1973.
300 ## - PHYSICAL DESCRIPTION
Extent 216 с.
Other physical details 20 см.
653 ## - INDEX TERM--UNCONTROLLED
keyword ძველი ეგვიპტე
653 ## - INDEX TERM--UNCONTROLLED
keyword Ანტიკური რომი
700 ## - ADDED ENTRY--PERSONAL NAME
Personal name Гальпериной, Д. С.
Relator term მთარგმნელი
9 (RLIN) 20406
710 ## - ADDED ENTRY--CORPORATE NAME
Corporate name or jurisdiction name as entry element АН СССР, Ин-т востоковедения
9 (RLIN) 20407
942 ## - ADDED ENTRY ELEMENTS (KOHA)
Source of classification or shelving scheme
Koha item type წიგნი
ეგზემპლარები
Withdrawn status Lost status Source of classification or shelving scheme Damaged status Not for loan Permanent Location Current Location Shelving location Date acquired Cost, normal purchase price Full call number Barcode Date last seen Copy number Uniform Resource Identifier Price effective from Koha item type Public note
          ბათუმის შოთა რუსთაველის სახელმწიფო უნივერსიტეტის მთავარი ბიბლიოთეკა ბათუმის შოთა რუსთაველის სახელმწიფო უნივერსიტეტის მთავარი ბიბლიოთეკა წიგნსაცავი 2023-11-15 5.00 94(37) K-78 65456 2023-11-15 65456 ბსუ-ს საპატიო დოქტორის გურამ ლორთქიფანიძის საჩუქარი 2023-11-15 წიგნი 5 ლ.